<?xml version="1.0" encoding="UTF-8"?>
<record
    xmlns:xsi="http://www.w3.org/2001/XMLSchema-instance"
    xsi:schemaLocation="http://www.loc.gov/MARC21/slim http://www.loc.gov/standards/marcxml/schema/MARC21slim.xsd"
    xmlns="http://www.loc.gov/MARC21/slim">

  <leader>01869agaaa2200325   4500</leader>
  <controlfield tag="001">9104</controlfield>
  <controlfield tag="003">IT-RoPAU</controlfield>
  <controlfield tag="005">20220918181227.0</controlfield>
  <controlfield tag="007">d cvaizq</controlfield>
  <controlfield tag="008">50131s9999||||xx ||| |     ||   ||und||</controlfield>
  <datafield tag="040" ind1=" " ind2=" ">
    <subfield code="a">IT-RoPAU</subfield>
    <subfield code="c">IT-RoPAU</subfield>
  </datafield>
  <datafield tag="041" ind1=" " ind2=" ">
    <subfield code="a">ITALIANO</subfield>
  </datafield>
  <datafield tag="100" ind1=" " ind2=" ">
    <subfield code="a">Monicelli Mario</subfield>
    <subfield code="g">Codice regista SPICS: 3641</subfield>
    <subfield code="9">38929</subfield>
  </datafield>
  <datafield tag="130" ind1=" " ind2=" ">
    <subfield code="a">PADRI E FIGLI</subfield>
    <subfield code="9">38930</subfield>
  </datafield>
  <datafield tag="245" ind1=" " ind2=" ">
    <subfield code="a">PADRI E FIGLI</subfield>
    <subfield code="c">Prodotto da: Giambartolomei Guido -- Sceneggiatura: Age-Scarpelli Benvenuti Monicelli Mario -- Diretto da: Monicelli Mario</subfield>
    <subfield code="p">PADRI E FIGLI (Rif. Codice opera principale : 29104)</subfield>
  </datafield>
  <datafield tag="250" ind1=" " ind2=" ">
    <subfield code="a">Edizione Standard</subfield>
  </datafield>
  <datafield tag="260" ind1=" " ind2=" ">
    <subfield code="a">ROMA - PARIGI (ITALIA - FRANCIA)</subfield>
    <subfield code="b">ROYAL FILM - FILMEL LYRICA / Distribuzione: RAI</subfield>
    <subfield code="g">"1957 (1&#xB0; ed.: 1985 ; Ed. Lingua Orig.: 1957)"</subfield>
  </datafield>
  <datafield tag="300" ind1=" " ind2=" ">
    <subfield code="a">VHS</subfield>
    <subfield code="b">sonoro, col.</subfield>
    <subfield code="c">90 minuti</subfield>
  </datafield>
  <datafield tag="508" ind1=" " ind2=" ">
    <subfield code="a">"Fotografia: Barboni Leonida; Musica: Cicognini Alessandro = (Cini A. 13532); Sceneggiatura: Age-Scarpelli Benvenuti Monicelli Mario; Scenografia: Gherardi Piero; Soggetto: Monicelli Mario -- Monicelli Mario"</subfield>
  </datafield>
  <datafield tag="511" ind1=" " ind2=" ">
    <subfield code="a">"De; Sica Vittorio; Mastroianni Marcello; Lualdi Antonella; Interlenghi F.; Merlini M"</subfield>
  </datafield>
  <datafield tag="520" ind1=" " ind2=" ">
    <subfield code="a">PERIPEZIE DI UNA GIOVANE COPPIA DI STUDENTI LICEALI: IL PADRE DI LEI NON SI OPPONE MA L'ALTRO MEDICO DI PRESTIGIO NON NE E' AFFATTO CONTENTO DOPO NUMEROSI E DIVERTENTI EPISODI TUTTO FINIRA' PER IL MEGLIO COMMEDIA IN BIANCO ENERO</subfield>
  </datafield>
  <datafield tag="538" ind1=" " ind2=" ">
    <subfield code="a">PAL, STEREO</subfield>
  </datafield>
  <datafield tag="546" ind1=" " ind2=" ">
    <subfield code="a">ITALIANO</subfield>
  </datafield>
  <datafield tag="650" ind1=" " ind2=" ">
    <subfield code="a">COMMEDIA SOCIAL</subfield>
    <subfield code="e">FILMS [VHS]</subfield>
    <subfield code="x">Codice MATERIA SPICS: 9960</subfield>
    <subfield code="9">38931</subfield>
  </datafield>
  <datafield tag="700" ind1=" " ind2=" ">
    <subfield code="a">Cicognini Alessandro = (Cini A. 13532)</subfield>
    <subfield code="e">(musica)</subfield>
    <subfield code="g">Codice Musica SPICS: 8029</subfield>
    <subfield code="9">38932</subfield>
  </datafield>
  <datafield tag="700" ind1=" " ind2=" ">
    <subfield code="a">Monicelli Mario </subfield>
    <subfield code="e">(regista)</subfield>
    <subfield code="g">Codice regista SPICS: 3641</subfield>
    <subfield code="9">38933</subfield>
  </datafield>
  <datafield tag="700" ind1=" " ind2=" ">
    <subfield code="a">Monicelli Mario </subfield>
    <subfield code="e">(soggetto)</subfield>
    <subfield code="g">Codice Soggetto 2&#xB0; SPICS: 3641</subfield>
    <subfield code="9">38934</subfield>
  </datafield>
  <datafield tag="700" ind1=" " ind2=" ">
    <subfield code="a">Monicelli Mario </subfield>
    <subfield code="e">(soggetto)</subfield>
    <subfield code="g">Codice Soggetto SPICS: 3641</subfield>
    <subfield code="9">38935</subfield>
  </datafield>
  <datafield tag="942" ind1=" " ind2=" ">
    <subfield code="c">VH</subfield>
    <subfield code="2">ddc</subfield>
  </datafield>
  <datafield tag="999" ind1=" " ind2=" ">
    <subfield code="c">105007</subfield>
    <subfield code="d">105007</subfield>
  </datafield>
  <datafield tag="952" ind1=" " ind2=" ">
    <subfield code="0">0</subfield>
    <subfield code="1">0</subfield>
    <subfield code="4">0</subfield>
    <subfield code="6">29104_000000000000000</subfield>
    <subfield code="7">1</subfield>
    <subfield code="a">SPICS</subfield>
    <subfield code="b">SPICS</subfield>
    <subfield code="d">2015-01-31</subfield>
    <subfield code="l">0</subfield>
    <subfield code="o">29104</subfield>
    <subfield code="r">2015-01-31 00:00:00</subfield>
    <subfield code="w">2015-01-31</subfield>
    <subfield code="y">VH</subfield>
    <subfield code="z">Progr. Ins.: 1810 / N.Vol.:1 / Copie: 1 / Pag.: / Copia rara: NO / date import: 1.2.2015 / By Epidotti, Trombetti, Vaglietti</subfield>
  </datafield>
</record>
